000 00970naa a22002777a 4500
001 BR8905610
003 BR-BrBNA
005 20240918180553.0
007 ta
008 230509b bl.||||| |||| 00| 0 por d
040 _aBR-BrBNA
_bpor
_cBiblioteca Nacional de Agricultura
041 _a(Pt)
072 _aL10
_b5214
090 _aL10 BR8905610
100 1 _aMartello, V.P.
245 1 _aMelhoramento genetico
260 3 _aCampinas, SP (Brasil):
_c1988.
500 _aBovinocultura leiteira Campinas, SP (Brasil): 1988. p. 74-82 (BR8905610-AM)L10
650 _aVACA LEITEIRA
650 _aSELECAO
650 _aMELHORAMENTO GENETICO ANIMAL
650 _aRACA
773 0 _tBovinocultura leiteira
_aRoston, A.J.; Russo, H.G.; Savastano, S.A. de L.; Martello, V.P. - Coordenadoria de Assistencia Tecnica Integral, Campinas, SP (Brasil)
_w5214 BR8905603
_gCampinas, SP (Brasil), 1988.
_q91 p.
909 _a202404
_bLucia
_c55
_dLucia Elande
942 _cAM
_2AGRIS
999 _c321121
_d321121